000 00344nam a22001217a 4500
020 _a9780538749916
100 _aTWOMEY P.DAVID,JENNINGS MARIANNE MOODY
245 _aBUSINESS LAW PRINCIPLES FOR TODAY'S COMMERCIAL ENVIRONMENT
250 _a3RD ED
260 _aUSA
_bSOUTH WESTERN, CENGAGE LEARNING
_c2011
300 _a1132
_bILL
942 _cBK
999 _c251136
_d251136